La fábrica de las casas del infantado en Guadalajara (1376-1512) : (Record no. 197971)

MARC details
000 -LEADER
campo de control de longitud fija 01467nam a2200337 i 4500
001 - NÚMERO DE CONTROL
campo de control 197971
003 - IDENTIFICADOR DE NÚMERO DE CONTROL
campo de control ES-MaACL
005 - FECHA Y HORA DE LA ÚLTIMA TRANSACCIÓN
campo de control 20260208063017.0
007 - CAMPO FIJO DE DESCRIPCIÓN FÍSICA--INFORMACIÓN GENERAL
campo de control de longitud fija ta
008 - DATOS DE LONGITUD FIJA--INFORMACIÓN GENERAL
campo de control de longitud fija 251120s2024 sp |||||| 000 | spa|
017 ## - NÚMERO DE COPYRIGHT O DE DEPÓSITO LEGAL
Número de copyright o de depósito legal GU 158-2024
Agencia que asigna Oficina Depósito Legal Guadalajara
020 ## - NÚMERO INTERNACIONAL ESTÁNDAR DEL LIBRO
Número Internacional Estándar del Libro 978-84-19505347
040 ## - FUENTE DE CATALOGACIÓN
Centro catalogador/agencia de origen ES-MaACL
Lengua de catalogación spa
Centro/agencia transcriptor ES-MaACL
Normas de descripción rda
080 ## - NÚMERO DE LA CLASIFICACIÓN DECIMAL UNIVERSAL
Número de la Clasificación Decimal Universal 728.82(460.281 G.)
100 1# - ENTRADA PRINCIPAL--NOMBRE DE PERSONA
Nombre de persona Romero Medina, Raúl
Relación aut
9 (RLIN) 242529
Término indicativo de función/relación Autor
245 10 - MENCIÓN DEL TÍTULO
Título La fábrica de las casas del infantado en Guadalajara (1376-1512) :
Resto del título los usos y las funciones artísticas de la temprana Edad Moderna en España /
Mención de responsabilidad, etc. Raúl Romero Medina ; prólogo de Miguel Ángel Landero Quesada
250 ## - MENCION DE EDICION
Mención de edición Primera edición : 2025
264 #1 - PRODUCCIÓN, PUBLICACIÓN, DISTRIBUCIÓN, FABRICACIÓN Y COPYRIGHT
Producción, publicación, distribución, fabricación y copyright Guadalajara :
Nombre del de productor, editor, distribuidor, fabricante Diputación de Guadalajara,
Fecha de producción, publicación, distribución, fabricación o copyright 2025
300 ## - DESCRIPCIÓN FÍSICA
Extensión 506 páginas :
Otras características físicas fotografías (blanco y negro y color) ;
Dimensiones 24 cm +
Material acompañante/anejo 2 planos
336 ## - TIPO DE CONTENIDO
Término de tipo de contenido texto
Fuente rdacontent
337 ## - TIPO DE MEDIO
Nombre/término del tipo de medio sin mediación
Fuente rdamedia
338 ## - TIPO DE SOPORTE
Nombre/término del tipo de soporte volumen
Fuente rdacarrier
504 ## - NOTA DE BIBLIOGRAFÍA, ETC.
Nota de bibliografía, etc. Bibliografía: páginas 435 (sin numerar) - 460. Índices
586 ## - NOTA DE PREMIOS
Nota de premios Premio Provincia de Guadalajara de Investigación Histórica Layna Serrano 2023
610 24 - PUNTO DE ACCESO ADICIONAL DE MATERIA--NOMBRE DE ENTIDAD CORPORATIVA
9 (RLIN) 150900
Nombre de entidad corporativa o nombre de jurisdicción como elemento de entrada Palacio del Infantado (Guadalajara)
852 ## - LOCALIZACIÓN
Ubicación ES-MaACL
Ubicación en estantería Depósito J
Número de control de estantería A-15900
Encuadernación Encuadernación rústica
itemnumber 207034
942 ## - ELEMENTOS DE ENTRADA SECUNDARIOS (KOHA)
Tipo de ítem Koha Libro impreso
Suprimir en OPAC No
Holdings
Estatus retirado Estado de pérdida Fuente del sistema de clasificación o colocación Estado de daño No para préstamo Biblioteca de origen Biblioteca actual Ubicación en estantería Fecha de adquisición Fuente de adquisición Total de préstamos Signatura topográfica completa Código de barras Visto por última vez Precio de reemplazo Tipo de ítem Koha
    Clasificación decimal universal     Biblioteca del Ateneo de Madrid Biblioteca del Ateneo de Madrid Depósito 1 20/11/2025 Donación   A-15900 2026-0027 06/02/2026 06/02/2026 Libro impreso